000 00535nam a2200205Ia 4500
005 20250508152618.0
008 008 250505s9999 xx 000 0 eng d
037 _aTextual
040 _aFEDL
_beng
_cFEDL
041 _aeng
_2eng
084 _a157, RED
_qFEDL
100 _aRedl Fritz
245 0 _aChildren who hate
260 _aGlencoe
_bThe Free Press
_c1951
300 _a253p.
650 _aAbnormal Psychology
700 _a Wineman David
_9761944
942 _cTEXL
_h157, RED
999 _c1337594
_d1337594